[Event "NOR-chT Elite 2324"]
[Site "Norway"]
[Date "2024.03.09"]
[Round "8.56"]
[White "Haldorsen, Benjamin"]
[Black "Stenersen, Gudmund"]
[Result "1-0"]
[WhiteElo "2426"]
[BlackElo "2144"]
[PlyCount "94"]
[EventDate "2023.10.27"]
[EventType "team-tourn"]
[EventRounds "9"]
[EventCountry "NOR"]
[SourceTitle "CB16_2024"]
[SourceDate "2024.04.17"]
[SourceVersion "1"]
[SourceVersionDate "2024.04.17"]
[SourceQuality "1"]
[WhiteTeam "Offerspill"]
[BlackTeam "Valerenga"]
[WhiteTeamCountry "NOR"]
[BlackTeamCountry "NOR"]

1. e4 e5 2. Nf3 Nc6 3. Bc4 Bc5 4. 0-0 d6 5. c3 Bb6 6. Re1 Qf6 7. d3 h6 8. a4 Nge7 9. b4 a6 10. Be3 Bxe3 11. fxe3 0-0 12. Nbd2 Be6 13. Bxe6 Qxe6 14. d4 Nb8 15. Qb3 Qxb3 16. Nxb3 exd4 17. exd4 Nd7 18. Na5 b6 19. Nb3 f5 20. e5 Nd5 21. exd6 cxd6 22. c4 Nxb4 23. Re6 d5 24. cxd5 Nxd5 25. Rd6 N7f6 26. a5 Rfb8 27. Ne5 bxa5 28. Nxa5 Ne3 29. Nac4 Ne4 30. Rd7 Nxc4 31. Nxc4 a5 32. Rd5 a4 33. Rxf5 a3 34. Rxa3 Rxa3 35. Nxa3 Rb3 36. Rf3 Rxf3 37. gxf3 Nc3 38. Kf2 Kf7 39. Ke3 Ke6 40. Nc4 g5 41. Kd3 Nd5 42. Ne3 Nf6 43. Ng4 Ng8 44. Ke4 h5 45. d5+ Kd6 46. Ne3 g4 47. fxg4 Nf6+ 1-0

[Event "NOR-chT Elite 2223"]
[Site "Norway"]
[Date "2023.01.13"]
[Round "4.26"]
[White "Stenersen, Gudmund"]
[Black "Royset, Pal"]
[Result "1-0"]
[WhiteElo "2175"]
[BlackElo "2058"]
[PlyCount "79"]
[EventDate "2022.11.11"]
[EventType "team-tourn"]
[EventRounds "9"]
[EventCountry "NOR"]
[SourceTitle "CBM 213 Extra"]
[Source "ChessBase"]
[SourceDate "2023.05.31"]
[SourceVersion "1"]
[SourceVersionDate "2023.05.31"]
[SourceQuality "1"]
[WhiteTeam "Valerenga"]
[BlackTeam "Tromsoe"]
[WhiteTeamCountry "NOR"]
[BlackTeamCountry "NOR"]

1. e4 c5 2. Nc3 Nc6 3. Bc4 Nf6 4. d3 e6 5. Bg5 h6 6. Bh4 a6 7. f4 b5 8. Bb3 g5 9. fxg5 Nh7 10. Nf3 hxg5 11. Bg3 d6 12. 0-0 Bg7 13. h3 Nf8 14. Qd2 g4 15. hxg4 Ng6 16. Nd1 Nd4 17. c3 Nxb3 18. axb3 Bb7 19. Nf2 Qe7 20. d4 cxd4 21. cxd4 0-0 22. Rac1 a5 23. Rc2 b4 24. Rfc1 Rfd8 25. g5 Rd7 26. Qe3 e5 27. d5 Qd8 28. Ng4 Rc8 29. Rxc8 Bxc8 30. Nf6+ Bxf6 31. gxf6 Ba6 32. Qg5 Kh7 33. Qf5 Ra7 34. Nh4 Qe8 35. Bf2 Rd7 36. Be3 Kg8 37. Qg5 Bb7 38. Nf5 Ba6 39. Kf2 Qd8 40. Rh1 1-0

[Event "NOR-chT Clubs"]
[Site "Drammen"]
[Date "2022.05.26"]
[Round "2"]
[White "Edvardsen, Ragnar"]
[Black "Stenersen, Gudmund"]
[Result "1/2-1/2"]
[WhiteElo "1889"]
[BlackElo "2193"]
[PlyCount "60"]
[EventDate "2022.05.26"]
[EventType "team-swiss"]
[EventRounds "6"]
[EventCountry "NOR"]
[SourceTitle "EXT 2024"]
[Source "ChessBase"]
[SourceDate "2023.10.10"]
[SourceVersion "1"]
[SourceVersionDate "2023.10.10"]
[SourceQuality "1"]
[WhiteTeam "Drammen"]
[BlackTeam "Valerenga"]
[WhiteTeamCountry "NOR"]
[BlackTeamCountry "NOR"]

1. e4 e5 2. Nf3 Nc6 3. Bb5 Nge7 4. 0-0 d6 5. c3 Ng6 6. d4 Bd7 7. Be3 Be7 8. Nbd2 0-0 9. dxe5 Ncxe5 10. Bxd7 Qxd7 11. Nxe5 dxe5 12. Qe2 Qc6 13. Rad1 Bc5 14. Bxc5 Qxc5 15. Qc4 Qxc4 16. Nxc4 Rfd8 17. Ne3 Nf4 18. Rxd8+ Rxd8 19. Rd1 Rxd1+ 20. Nxd1 f6 21. Kf1 Kf7 22. g3 Ne6 23. Ke2 g6 24. Ke3 f5 25. f4 exf4+ 26. gxf4 fxe4 27. Kxe4 Kf6 28. Ne3 Nc5+ 29. Kd4 Ne6+ 30. Ke4 Nc5+ 1/2-1/2

[Event "NOR-chT Clubs"]
[Site "Drammen"]
[Date "2022.05.26"]
[Round "3"]
[White "Stenersen, Gudmund"]
[Black "Kizatbay, Abyl"]
[Result "0-1"]
[WhiteElo "2193"]
[BlackElo "2112"]
[PlyCount "84"]
[EventDate "2022.05.26"]
[EventType "team-swiss"]
[EventRounds "6"]
[EventCountry "NOR"]
[SourceTitle "EXT 2024"]
[Source "ChessBase"]
[SourceDate "2023.10.10"]
[SourceVersion "1"]
[SourceVersionDate "2023.10.10"]
[SourceQuality "1"]
[WhiteTeam "Valerenga"]
[BlackTeam "Stavanger"]
[WhiteTeamCountry "NOR"]
[BlackTeamCountry "NOR"]

1. e4 c5 2. Nf3 d6 3. d4 cxd4 4. Nxd4 Nf6 5. f3 e5 6. Nb5 a6 7. N5c3 Be6 8. Nd5 Nbd7 9. c4 Bxd5 10. cxd5 g6 11. Nc3 h5 12. Be3 Bh6 13. Bxh6 Rxh6 14. Qd2 Rh8 15. h4 Qb6 16. g3 Kf8 17. Bh3 Nc5 18. 0-0-0 Kg7 19. Kb1 a5 20. Qe2 Qb4 21. Rc1 Ra6 22. Nd1 a4 23. Rc4 Qa5 24. Qe1 Qc7 25. Ne3 b5 26. Rc2 Qa7 27. Qd2 Nh7 28. Re1 Rb8 29. Qe2 Nb3 30. Qd3 Nd4 31. Rf2 b4 32. f4 a3 33. b3 Nb5 34. Ref1 Nc3+ 35. Ka1 Qd4 36. Qxd4 exd4 37. Nc4 Nxe4 38. Rf3 Nhf6 39. Rd1 Nc3 40. Rxd4 Nfxd5 41. Rf1 Re8 42. Rd2 Ne3 0-1

[Event "NOR-chT Elite 2122"]
[Site "Norway"]
[Date "2021.10.31"]
[Round "3.2"]
[White "Thanke, Bror"]
[Black "Stenersen, Gudmund"]
[Result "1-0"]
[WhiteElo "2164"]
[BlackElo "2195"]
[PlyCount "89"]
[EventDate "2021.10.28"]
[EventType "team-tourn"]
[EventRounds "9"]
[EventCountry "NOR"]
[SourceTitle "EXT 2023"]
[Source "ChessBase"]
[SourceDate "2022.10.05"]
[SourceVersion "1"]
[SourceVersionDate "2022.10.05"]
[SourceQuality "1"]
[WhiteTeam "Nordstrand"]
[BlackTeam "Valerenga"]
[WhiteTeamCountry "NOR"]
[BlackTeamCountry "NOR"]

1. Nf3 d5 2. d4 Nf6 3. c4 c6 4. e3 e6 5. Bd3 Bd6 6. Nc3 Nbd7 7. cxd5 exd5 8. 0-0 0-0 9. Qc2 Re8 10. Re1 Nb6 11. h3 Be6 12. b3 h6 13. Bb2 Bd7 14. a4 a5 15. Rad1 Qe7 16. Ne5 Bb4 17. Re2 Nc8 18. f3 Be6 19. e4 Qd8 20. Na2 Bf8 21. Qc3 Qb6 22. Bc2 dxe4 23. fxe4 Nd6 24. Nc1 Bxh3 25. gxh3 Rxe5 26. Qf3 Rae8 27. Rde1 Nc8 28. Kh1 R5e6 29. Rf1 Qc7 30. Qg2 Nh5 31. e5 g6 32. Ref2 R6e7 33. Ne2 Nb6 34. Nc3 Qd7 35. Ne4 Nd5 36. Nc5 Qc7 37. Bc1 Bg7 38. Bxg6 fxg6 39. Qxg6 b6 40. Nd3 c5 41. Qxh5 cxd4 42. Rg2 Qc6 43. Bxh6 Ne3 44. Bxe3 dxe3 45. Rf6 1-0

[Event "NOR-chT Elite 2122"]
[Site "Norway"]
[Date "2021.10.29"]
[Round "1.4"]
[White "Kjolberg, Jens Hjorth"]
[Black "Stenersen, Gudmund"]
[Result "1/2-1/2"]
[WhiteElo "2154"]
[BlackElo "2195"]
[PlyCount "112"]
[EventDate "2021.10.28"]
[EventType "team-tourn"]
[EventRounds "9"]
[EventCountry "NOR"]
[SourceTitle "CBM 204 Extra"]
[Source "ChessBase"]
[SourceDate "2021.11.30"]
[SourceVersion "1"]
[SourceVersionDate "2021.11.30"]
[SourceQuality "1"]
[WhiteTeam "Oslo SK 1911"]
[BlackTeam "Valerenga"]
[WhiteTeamCountry "NOR"]
[BlackTeamCountry "NOR"]

1. e4 e5 2. Nf3 Nc6 3. Nc3 Nf6 4. Bb5 d6 5. d4 exd4 6. Nxd4 Bd7 7. Nxc6 Bxc6 8. Bxc6+ bxc6 9. 0-0 Be7 10. b3 0-0 11. Bb2 Nd7 12. Qf3 Bf6 13. Rad1 Be5 14. Qh3 c5 15. Kh1 Re8 16. f4 Bd4 17. Rde1 Qc8 18. Qf3 Qb7 19. Nd1 Bxb2 20. Nxb2 Re7 21. Nd3 Rae8 22. Qh3 Qc6 23. e5 dxe5 24. fxe5 c4 25. e6 Rxe6 26. Rxe6 Qxe6 27. Qxe6 Rxe6 28. bxc4 Ra6 29. Nb4 Ra4 30. c3 Nc5 31. Rd1 Ne6 32. c5 g6 33. Rd7 a5 34. Na6 Rxa2 35. h3 h5 36. c6 Rc2 37. Nxc7 Nxc7 38. Rxc7 Rxc3 39. Kg1 a4 40. Kf2 a3 41. Ra7 Rxc6 42. Rxa3 Kg7 43. Kg3 Rc5 44. Kf3 Kf6 45. Ra6+ Ke5 46. Ra7 f6 47. Ra3 Kf5 48. Rb3 Kg5 49. Rb4 Rc3+ 50. Kf2 f5 51. h4+ Kh6 52. Rb6 Rc4 53. g3 Rg4 54. Kf3 Kg7 55. Rb7+ Kf6 56. Rb6+ Ke5 1/2-1/2

[Event "EU-Cup 35th"]
[Site "Ulcinj"]
[Date "2019.11.10"]
[Round "1.8"]
[White "Duijn, Rob"]
[Black "Stenersen, Gudmund"]
[Result "1/2-1/2"]
[WhiteElo "2220"]
[BlackElo "2188"]
[PlyCount "78"]
[EventDate "2019.11.10"]
[EventType "team-swiss"]
[EventRounds "7"]
[EventCountry "MNE"]
[SourceTitle "CBM 193 Extra"]
[Source "ChessBase"]
[SourceDate "2020.01.31"]
[SourceVersion "1"]
[SourceVersionDate "2020.01.31"]
[SourceQuality "1"]
[WhiteTeam "Kennemer Combinatie"]
[BlackTeam "Valerenga"]
[WhiteTeamCountry "NED"]
[BlackTeamCountry "NOR"]

1. d4 d5 2. c4 e6 3. Nc3 Nf6 4. Bg5 c6 5. e3 a6 6. cxd5 cxd5 7. Bd3 Nc6 8. Nf3 Be7 9. 0-0 0-0 10. Rc1 Bd7 11. Bb1 Rc8 12. Qc2 g6 13. Bh6 Re8 14. Qd1 b5 15. Ne5 b4 16. Ne2 Nxe5 17. dxe5 Nh5 18. Nd4 Qb6 19. Qf3 Rxc1 20. Rxc1 Rc8 21. Rxc8+ Bxc8 22. g4 Ng7 23. Bd3 Qc7 24. Qe2 a5 25. f4 Bd7 26. Kg2 f6 27. Bb5 fxe5 28. fxe5 Bxb5 29. Qxb5 Qxe5 30. Bxg7 Kxg7 31. Qd7 Kf6 32. Kf3 Bc5 33. g5+ Qxg5 34. Qd8+ Be7 35. Qh8+ Kf7 36. Qxh7+ Kf6 37. Qh8+ Kf7 38. Qh7+ Kf6 39. Qh8+ Kf7 1/2-1/2

[Event "NOR-chT Club"]
[Site "Drammen"]
[Date "2019.06.01"]
[Round "3.5"]
[White "Sidali, Elias Hulleberg"]
[Black "Stenersen, Gudmund"]
[Result "1/2-1/2"]
[WhiteElo "1953"]
[BlackElo "2183"]
[PlyCount "84"]
[EventDate "2019.05.30"]
[EventType "team-swiss"]
[EventRounds "6"]
[EventCountry "NOR"]
[SourceTitle "CBM 190 Extra"]
[Source "ChessBase"]
[SourceDate "2019.07.15"]
[SourceVersion "1"]
[SourceVersionDate "2019.07.15"]
[SourceQuality "1"]
[WhiteTeam "OSS Kadett"]
[BlackTeam "Valerenga"]
[WhiteTeamCountry "NOR"]
[BlackTeamCountry "NOR"]

1. e4 e5 2. Nf3 Nc6 3. Nc3 Bb4 4. Nd5 Bc5 5. c3 d6 6. b4 Bb6 7. a4 a5 8. b5 Nb8 9. Nxb6 cxb6 10. d4 Qc7 11. c4 Nf6 12. Ba3 Nxe4 13. dxe5 dxe5 14. Qd5 Nc5 15. Bxc5 bxc5 16. Qxe5+ Qxe5+ 17. Nxe5 Be6 18. 0-0-0 Ke7 19. Kb2 Rc8 20. Be2 f6 21. Ng4 Nd7 22. Bf3 Nb6 23. Rhe1 Kf7 24. Ne3 Rd8 25. Kb3 Rd4 26. Rxd4 cxd4 27. Nd5 Bxd5 28. Bxd5+ Nxd5 29. cxd5 Rc8 30. Re4 d3 31. d6 d2 32. Rd4 Ke6 33. Rxd2 Kd7 34. Rd4 Rc5 35. g3 h5 36. f4 f5 37. Rd1 g6 38. Rd4 b6 39. h4 Rc1 40. Rc4 Rxc4 41. Kxc4 Kxd6 42. Kd4 Ke6 1/2-1/2

[Event "Blaafarvevarket op"]
[Site "Blaafarvevarket"]
[Date "2016.05.28"]
[Round "1"]
[White "Stenersen, Gudmund"]
[Black "Skotheim, Andreas"]
[Result "1-0"]
[WhiteElo "2210"]
[BlackElo "1945"]
[PlyCount "95"]
[EventDate "2016.05.28"]
[EventType "swiss"]
[EventRounds "5"]
[EventCountry "NOR"]
[SourceTitle "EXT 2017"]
[Source "ChessBase"]
[SourceDate "2016.10.25"]
[SourceVersion "1"]
[SourceVersionDate "2016.10.25"]
[SourceQuality "1"]

1. e4 d6 2. d4 Nf6 3. f3 e5 4. d5 g6 5. c4 Bg7 6. Be3 a5 7. Bd3 Bd7 8. Ne2 Na6 9. Nd2 Nb4 10. Bb1 Qe7 11. 0-0 0-0 12. a3 Na6 13. Bc2 h6 14. Ba4 Nh5 15. Bxd7 Qxd7 16. b4 axb4 17. axb4 Nxb4 18. Qb3 c5 19. dxc6 Nxc6 20. Rfb1 Rxa1 21. Rxa1 g5 22. Nc3 Nf4 23. Rb1 Rb8 24. Nd5 Ne2+ 25. Kf2 Ned4 26. Qb6 f5 27. exf5 Nxf5 28. Ne4 Qd8 29. Qxd8+ Nxd8 30. Bb6 Ne6 31. Ba7 Ra8 32. Rxb7 Rd8 33. Bb8 Nc5 34. Nxc5 dxc5 35. Ba7 Nd6 36. Rc7 Nxc4 37. Ne7+ Kh8 38. Bxc5 Rd2+ 39. Kf1 Rd1+ 40. Ke2 Rd2+ 41. Ke1 Rxg2 42. Nf5 Nb2 43. Kf1 Rxh2 44. Nxg7 Rc2 45. Nh5 Rc1+ 46. Kg2 Rc2+ 47. Kg3 Nd3 48. Nf6 1-0

[Event "Bergen op"]
[Site "Bergen"]
[Date "2014.10.10"]
[Round "1"]
[White "Andas, Kjetil"]
[Black "Stenersen, Gudmund"]
[Result "0-1"]
[WhiteElo "1681"]
[BlackElo "2161"]
[PlyCount "74"]
[EventDate "2014.10.10"]
[EventType "swiss"]
[EventRounds "5"]
[EventCountry "NOR"]
[SourceTitle "EXT 2015"]
[Source "ChessBase"]
[SourceDate "2014.11.20"]
[SourceVersion "1"]
[SourceVersionDate "2014.11.20"]
[SourceQuality "1"]

1. e4 e5 2. Nf3 Nc6 3. Bc4 Bc5 4. 0-0 d6 5. c3 Bb6 6. d4 Qe7 7. d5 Nd8 8. a4 a5 9. Nbd2 g5 10. Be2 g4 11. Ne1 h5 12. Nc4 f5 13. Nxb6 cxb6 14. exf5 Bxf5 15. Be3 Qg7 16. Bb5+ Kf8 17. f4 e4 18. Nc2 Nf6 19. Bxb6 Rh7 20. Ne3 Qg6 21. g3 h4 22. Kg2 Nf7 23. Qd4 Ke7 24. Rae1 Rah8 25. Rh1 hxg3 26. hxg3 Rh3 27. Rxh3 gxh3+ 28. Kh1 Bc8 29. Nf1 Nh6 30. Bd3 Bf5 31. Ne3 Qxg3 32. Nxf5+ Nxf5 33. Rxe4+ Kf7 34. Re2 Nxd4 35. Bxd4 Qxd3 36. Rf2 Qd1+ 37. Kh2 Ng4+ 0-1

[Event "Oslo Nordstrand op"]
[Site "Oslo"]
[Date "2013.04.13"]
[Round "3"]
[White "Stenersen, Gudmund"]
[Black "Djurhuus, Eivind X"]
[Result "1-0"]
[WhiteElo "2219"]
[BlackElo "1879"]
[PlyCount "49"]
[EventDate "2013.04.12"]
[EventType "swiss"]
[EventRounds "5"]
[EventCountry "NOR"]
[SourceTitle "CBM 154 Extra"]
[Source "ChessBase"]
[SourceDate "2013.06.25"]
[SourceVersion "2"]
[SourceVersionDate "2013.06.25"]
[SourceQuality "1"]

1. e4 c5 2. Nf3 g6 3. d4 cxd4 4. Nxd4 Nc6 5. Bc4 Bg7 6. Nxc6 bxc6 7. 0-0 d6 8. Qf3 e6 9. Nc3 Ne7 10. Bg5 0-0 11. Rfe1 d5 12. exd5 f6 13. d6 Qxd6 14. Bf4 Qc5 15. Bxe6+ Bxe6 16. Rxe6 Rfd8 17. b4 Qxb4 18. Rb1 Qa3 19. Rb3 Qc5 20. Be3 Qf5 21. Rxe7 Qxc2 22. g4 f5 23. Rxg7+ Kxg7 24. Rb7+ Kg8 25. Qxc6 1-0

[Event "Fagernes Norsk op"]
[Site "Fagernes"]
[Date "2013.03.24"]
[Round "2"]
[White "Ninov, Nikolai"]
[Black "Stenersen, Gudmund"]
[Result "1-0"]
[WhiteElo "2508"]
[BlackElo "2219"]
[PlyCount "82"]
[EventDate "2013.03.24"]
[EventType "swiss"]
[EventRounds "9"]
[EventCountry "NOR"]
[SourceTitle "CBM 153 Extra"]
[Source "ChessBase"]
[SourceDate "2013.04.22"]
[SourceVersion "1"]
[SourceVersionDate "2013.04.22"]
[SourceQuality "1"]

1. e4 e5 2. Nf3 Nc6 3. Nc3 Nf6 4. a3 a6 5. d4 exd4 6. Nxd4 Bc5 7. Nxc6 bxc6 8. e5 Qe7 9. Qe2 Nd5 10. Ne4 Bd4 11. c4 Nb6 12. Bg5 Qe6 13. 0-0-0 c5 14. f4 Bb7 15. Ng3 Na4 16. Rd2 Qb6 17. Nf5 h6 18. Bh4 Rb8 19. Nxd4 cxd4 20. Qg4 Rg8 21. Qd1 Nc3 22. Qc2 Ne4 23. Rd1 g5 24. fxg5 hxg5 25. Be1 a5 26. Bd3 Nc5 27. Bf5 d3 28. Bxd3 Nxd3+ 29. Qxd3 Bxg2 30. Bc3 Bxh1 31. Qxd7+ Kf8 32. Rf1 Bf3 33. Rxf3 Qg1+ 34. Kd2 Qxh2+ 35. Kd3 Qh5 36. Ke3 Re8 37. Qxc7 g4 38. Qd6+ Re7 39. Rf4 Qg5 40. e6 Rg6 41. Kd3 Qxf4 1-0

[Event "Fagernes Norsk op"]
[Site "Fagernes"]
[Date "2013.03.24"]
[Round "5"]
[White "Stenersen, Gudmund"]
[Black "Miezis, Normunds"]
[Result "0-1"]
[WhiteElo "2219"]
[BlackElo "2552"]
[PlyCount "59"]
[EventDate "2013.03.24"]
[EventType "swiss"]
[EventRounds "9"]
[EventCountry "NOR"]
[SourceTitle "CBM 153 Extra"]
[Source "ChessBase"]
[SourceDate "2013.04.22"]
[SourceVersion "1"]
[SourceVersionDate "2013.04.22"]
[SourceQuality "1"]

1. e4 c5 2. Nf3 e6 3. d4 cxd4 4. Nxd4 a6 5. c4 Nf6 6. Nc3 Bb4 7. Qf3 Qc7 8. Bd2 Bd6 9. Qd3 Be7 10. f4 d6 11. Rc1 Nc6 12. Nd5 exd5 13. cxd5 Bd7 14. dxc6 bxc6 15. Be2 0-0 16. Bf3 c5 17. e5 dxe5 18. Bxa8 Rxa8 19. Nf5 Bf8 20. 0-0 e4 21. Qh3 Qc8 22. g4 Nxg4 23. Qxg4 Bxf5 24. Qh4 Rb8 25. b3 Rb6 26. Rc3 Qd7 27. Qf2 Rd6 28. Be3 Bh3 29. Bxc5 Rd2 30. Qe3 0-1

[Event "EU-Cup 28th"]
[Site "Eilat"]
[Date "2012.10.15"]
[Round "5.4"]
[White "Zymberi, Astrit"]
[Black "Stenersen, Gudmund"]
[Result "1/2-1/2"]
[WhiteElo "2161"]
[BlackElo "2226"]
[PlyCount "128"]
[EventDate "2012.10.11"]
[EventType "team-swiss"]
[EventRounds "7"]
[EventCountry "ISR"]
[SourceTitle "CBM 151"]
[Source "ChessBase"]
[SourceDate "2012.11.13"]
[SourceVersion "1"]
[SourceVersionDate "2012.11.13"]
[SourceQuality "1"]
[WhiteTeam "Expik"]
[BlackTeam "SOSS"]
[WhiteTeamCountry "KOS"]
[BlackTeamCountry "NOR"]

1. d4 d5 2. c4 e6 3. Nc3 Nf6 4. cxd5 exd5 5. Bg5 c6 6. Qc2 Be7 7. e3 0-0 8. Bd3 Nbd7 9. Nge2 Re8 10. f3 Nf8 11. 0-0 Nh5 12. Bxe7 Qxe7 13. e4 dxe4 14. fxe4 Bg4 15. e5 Rad8 16. Ne4 Ne6 17. Nd6 Rxd6 18. exd6 Qxd6 19. Bxh7+ Kh8 20. Bf5 Bxe2 21. Qxe2 Nhf4 22. Qe5 Qxd4+ 23. Qxd4 Nxd4 24. Bg4 Nfe2+ 25. Bxe2 Rxe2 26. Rf2 Re7 27. g3 c5 28. Kg2 f5 29. Rd1 a5 30. Rc1 b6 31. Rd2 g6 32. Kf2 Kg7 33. Rc3 Kf6 34. Re3 Rf7 35. Kg2 g5 36. h3 f4 37. gxf4 gxf4 38. Rf2 Kf5 39. Re8 f3+ 40. Kg3 Rg7+ 41. Kh2 Kf4 42. Re1 c4 43. a4 Rg5 44. Rd2 Ne2 45. Rexe2 fxe2 46. Rxe2 b5 47. Rc2 Ke3 48. axb5 Kd3 49. Rg2 Rxb5 50. h4 a4 51. Kh3 a3 52. bxa3 c3 53. Kg4 c2 54. Rxc2 Kxc2 55. h5 Kd3 56. h6 Ke4 57. h7 Rb1 58. Kg5 Rh1 59. Kg6 Kd4 60. Kg7 Rg1+ 61. Kf7 Rh1 62. Kg7 Kc4 63. h8Q Rxh8 64. Kxh8 Kb3 1/2-1/2

[Event "EU-Cup 28th"]
[Site "Eilat"]
[Date "2012.10.14"]
[Round "4.4"]
[White "Collutiis, Duilio"]
[Black "Stenersen, Gudmund"]
[Result "1-0"]
[WhiteElo "2501"]
[BlackElo "2226"]
[PlyCount "109"]
[EventDate "2012.10.11"]
[EventType "team-swiss"]
[EventRounds "7"]
[EventCountry "ISR"]
[SourceTitle "CBM 151"]
[Source "ChessBase"]
[SourceDate "2012.11.13"]
[SourceVersion "1"]
[SourceVersionDate "2012.11.13"]
[SourceQuality "1"]
[WhiteTeam "Risarcimento Obiettivo"]
[BlackTeam "SOSS"]
[WhiteTeamCountry "ITA"]
[BlackTeamCountry "NOR"]

1. Nf3 d5 2. g3 c6 3. Bg2 Nf6 4. c4 h6 5. 0-0 Bf5 6. Qb3 Qc8 7. cxd5 cxd5 8. Nc3 e6 9. d3 Nbd7 10. Bf4 Nc5 11. Qb5+ Nfd7 12. b4 a6 13. Qa5 Nxd3 14. Nxd5 Nxf4 15. Nxf4 Qc3 16. a3 b6 17. Qa4 Bc2 18. Rac1 Bxa4 19. Rxc3 Bd6 20. Nd4 Rb8 21. Bc6 Bxc6 22. Nxc6 Rc8 23. Rfc1 Nf6 24. Nd3 Nd5 25. R3c2 f6 26. e4 Ne7 27. e5 Kd7 28. Nxe7 Bxe7 29. Nf4 Rxc2 30. Rxc2 fxe5 31. Ng6 Rb8 32. Nxe5+ Kd6 33. f4 Rb7 34. Rd2+ Kc7 35. Kf2 a5 36. Rc2+ Kd6 37. Kf3 axb4 38. axb4 b5 39. Ke4 Bf6 40. Rc6+ Ke7 41. h4 Rb8 42. g4 Rd8 43. Rc5 Rd1 44. Nf3 Kd6 45. Rxb5 Kc6 46. Rc5+ Kb6 47. g5 hxg5 48. hxg5 Bb2 49. Rc2 Rb1 50. Nd4 Bxd4 51. Kxd4 Rf1 52. Ke5 Re1+ 53. Kd6 Re4 54. Rc6+ Kb5 55. Rc7 1-0

[Event "NOR-chT 1112"]
[Site "Norway"]
[Date "2011.11.06"]
[Round "3"]
[White "Stenersen, Gudmund"]
[Black "Strand, Kjetil"]
[Result "1-0"]
[WhiteElo "2217"]
[BlackElo "2030"]
[PlyCount "124"]
[EventDate "2011.11.04"]
[EventType "team-tourn"]
[EventRounds "9"]
[EventCountry "NOR"]
[SourceTitle "EXT 2013"]
[Source "ChessBase"]
[SourceDate "2012.11.22"]
[SourceVersion "1"]
[SourceVersionDate "2012.11.22"]
[SourceQuality "1"]
[WhiteTeam "SOSS"]
[BlackTeam "Asker"]
[WhiteTeamCountry "NOR"]
[BlackTeamCountry "NOR"]

1. e4 e5 2. Nf3 Nc6 3. Bb5 a6 4. Ba4 Nf6 5. 0-0 Be7 6. Re1 b5 7. Bb3 d6 8. c3 0-0 9. h3 Na5 10. Bc2 c5 11. d4 Qc7 12. Nbd2 cxd4 13. cxd4 Nc6 14. d5 Nb4 15. Bb1 a5 16. a3 Na6 17. Bd3 Bd7 18. Qe2 Rfb8 19. b3 Nc5 20. Bb1 g6 21. Qd1 Nh5 22. Ra2 b4 23. a4 Rc8 24. Nf1 Qd8 25. Be3 Rc7 26. Nxe5 dxe5 27. d6 Rc6 28. dxe7 Qxe7 29. Rd2 Be6 30. Bc2 Rac8 31. Qb1 Qc7 32. Bd1 Nf6 33. f3 Ncd7 34. Rb2 Rc3 35. Bd2 Rc6 36. Ne3 Nh5 37. Be2 Nf4 38. Bb5 Rd6 39. Nc4 Bxc4 40. Bxc4 Ne6 41. Be3 Ndc5 42. Kh2 Nd4 43. Bd5 Nce6 44. Rd1 Qd8 45. Rc1 Rxc1 46. Qxc1 Qf6 47. Qc8+ Kg7 48. Rf2 Nf4 49. Bc4 h5 50. Qc5 h4 51. Rd2 Nxg2 52. Bxd4 Qf4+ 53. Kh1 exd4 54. Rxg2 d3 55. e5 Rd4 56. Rg1 Qxf3+ 57. Kh2 Re4 58. Bxd3 Qxd3 59. Rg2 Qe3 60. Qxe3 Rxe3 61. Rc2 Rxe5 62. Rc4 g5 1-0

[Event "Fagernes Norsk op-A"]
[Site "Fagernes"]
[Date "2011.04.23"]
[Round "9"]
[White "Stenersen, Gudmund"]
[Black "Eriksen, Magnus"]
[Result "1-0"]
[WhiteElo "2228"]
[BlackElo "2002"]
[PlyCount "65"]
[EventDate "2011.04.17"]
[EventType "swiss"]
[EventRounds "9"]
[EventCountry "NOR"]
[SourceTitle "CBM 141 Extra"]
[Source "ChessBase"]
[SourceDate "2011.05.03"]
[SourceVersion "1"]
[SourceVersionDate "2011.05.03"]
[SourceQuality "1"]

1. e4 c5 2. Nf3 d6 3. Nc3 Nf6 4. d4 cxd4 5. Nxd4 a6 6. Be2 g6 7. g4 Bg7 8. g5 Nh5 9. Be3 Nc6 10. Qd2 Nf4 11. 0-0-0 Nxe2+ 12. Qxe2 Be6 13. Kb1 Qa5 14. Qd2 0-0 15. Nb3 Bxc3 16. Nxa5 Bxd2 17. Bxd2 Nxa5 18. Bxa5 f6 19. Bd2 Rac8 20. gxf6 Rxf6 21. f4 d5 22. Bc3 Rxf4 23. exd5 Bf5 24. Rd2 Rd8 25. b3 Be4 26. Re1 Rd7 27. Rd4 Rf3 28. Rdxe4 Rxc3 29. Rxe7 Rxd5 30. Rxb7 Rc8 31. Ree7 Rh5 32. Kb2 Rh3 33. Ra7 1-0

[Event "Fagernes Norsk op-A"]
[Site "Fagernes"]
[Date "2011.04.23"]
[Round "8"]
[White "Svensen, Tarjei Joten"]
[Black "Stenersen, Gudmund"]
[Result "1/2-1/2"]
[WhiteElo "2108"]
[BlackElo "2228"]
[PlyCount "104"]
[EventDate "2011.04.17"]
[EventType "swiss"]
[EventRounds "9"]
[EventCountry "NOR"]
[SourceTitle "CBM 141 Extra"]
[Source "ChessBase"]
[SourceDate "2011.05.03"]
[SourceVersion "1"]
[SourceVersionDate "2011.05.03"]
[SourceQuality "1"]

1. d4 d5 2. c4 e6 3. Nf3 Bd6 4. Nc3 Nf6 5. Bg5 c6 6. e3 Nbd7 7. cxd5 cxd5 8. Bd3 a6 9. 0-0 h6 10. Bh4 b5 11. Qe2 b4 12. Na4 Bb7 13. Rfc1 0-0 14. Rc2 Qa5 15. b3 Ne4 16. Bxe4 dxe4 17. Nd2 Qb5 18. Nc4 Bc7 19. Qd1 f6 20. Bg3 Bxg3 21. hxg3 Bd5 22. Rac1 a5 23. Ncb2 Qb8 24. Rc7 Rd8 25. Qc2 f5 26. Kf1 Bb7 27. Kg1 Ra6 28. Qc4 Rd6 29. Qb5 Ba6 30. Qxa5 Nf6 31. Qe5 Bb7 32. Re7 Rc8 33. Rxc8+ Qxc8 34. Nc4 Ra6 35. Rc7 Qa8 36. Ncb6 Qe8 37. Rxb7 Qh5 38. f3 exf3 39. gxf3 Qxf3 40. Rb8+ Kh7 41. Qf4 Qh5 42. g4 fxg4 43. Rb7 g3 44. Qxg3 Qd1+ 45. Kg2 Qe2+ 46. Qf2 Qg4+ 47. Qg3 Qe2+ 48. Kh1 Nh5 49. Qg2 Qe1+ 50. Kh2 Qh4+ 51. Kg1 Qe1+ 52. Kh2 Qh4+ 1/2-1/2

[Event "Fagernes Norsk op-A"]
[Site "Fagernes"]
[Date "2011.04.17"]
[Round "6"]
[White "Rodvik, Trym Daniel"]
[Black "Stenersen, Gudmund"]
[Result "1/2-1/2"]
[WhiteElo "1782"]
[BlackElo "2228"]
[PlyCount "118"]
[EventDate "2011.04.17"]
[EventType "swiss"]
[EventRounds "9"]
[EventCountry "NOR"]
[SourceTitle "CBM 141 Extra"]
[Source "ChessBase"]
[SourceDate "2011.05.03"]
[SourceVersion "1"]
[SourceVersionDate "2011.05.03"]
[SourceQuality "1"]

1. e4 e5 2. Nf3 Nc6 3. d4 exd4 4. Bb5 Bc5 5. 0-0 Nge7 6. Ng5 0-0 7. Nxh7 Kxh7 8. Qh5+ Kg8 9. Qxc5 d6 10. Qh5 Be6 11. f4 f5 12. Nd2 Nb4 13. Nf3 fxe4 14. Ng5 Bf5 15. g4 Bg6 16. Qh3 e3 17. Ne6 Qc8 18. f5 Qxe6 19. fxe6 Nxc2 20. Bxe3 Nxe3 21. Rxf8+ Rxf8 22. Qh4 Rf6 23. Bd7 N7d5 24. Re1 d3 25. g5 Rf5 26. e7 Re5 27. e8Q+ Bxe8 28. Bxe8 d2 29. Bf7+ Kf8 30. Bxd5 dxe1Q+ 31. Qxe1 Rxg5+ 32. Bg2 Nxg2 33. Qf1+ Nf4+ 34. Kh1 Rf5 35. Qc4 Nd5 36. Qa4 Ne3 37. h4 b6 38. Qxa7 Rc5 39. Qa8+ Kf7 40. Qf3+ Nf5 41. b4 Re5 42. Qc6 b5 43. Qxc7+ Kg6 44. Qd8 Nxh4 45. Qxd6+ Kf5 46. Qd3+ Kf4 47. Qf1+ Nf3 48. Kg2 Rg5+ 49. Kf2 Rd5 50. Qc1+ Rd2+ 51. Kf1 Nh2+ 52. Ke1 Nf3+ 53. Kf1 g5 54. a3 Kg3 55. Qc7+ Kh3 56. Qh7+ Kg4 57. Qc7 Nh2+ 58. Ke1 Nf3+ 59. Kf1 Nh2+ 1/2-1/2